01100cam a2200265 a 4500999001500000001000600015003000900021005001700030008004100047020001800088040003800106082002100144100001900165245007800184250001200262260004300274300002400317504004100341650004100382650004200423942001200465952011900477952011900596952011900715 c6603d660320993BD-DhUAP20210104143618.0210104s2019 bg b f000 0 eng  a9847002000789 aBD-DhUAPcBD-DhUAPdBD-DhUAPbEng a658.0017 SYE223 aSyed, Mahmood. aProfessional ethics for engineers and business graduates /cMahmood Syed. a2nd ed. aDhaka :bFriends' book corner,cc2019. a112 pages ;c21 cm. aIncludes bibliographical references. aBusiness ethicsxStudy and teaching. aEngineers ethicsxStudy and teaching. 2ddccBK 00102ddc4070aUAPCLbUAPCLcGeneral Stacksd2021-01-04o658.0017 SYEp3010020993r2021-01-04t1w2021-01-04yBK 00102ddc4070aUAPCLbUAPCLcGeneral Stacksd2021-01-04o658.0017 SYEp3010020994r2021-01-04t2w2021-01-04yBK 00102ddc4070aUAPCLbUAPCLcGeneral Stacksd2021-01-04o658.0017 SYEp3010020995r2021-01-04t3w2021-01-04yBK